Optics / (Record no. 7242)
[ view plain ]
| 000 -LEADER | |
|---|---|
| fixed length control field | 00474cam a2200193ua 4500 |
| 041 ## - LANGUAGE CODE | |
| Language code of text/sound track or separate title | eng |
| 082 ## - DEWEY DECIMAL CLASSIFICATION NUMBER | |
| Classification number | 535.2 |
| Item number | SEA/OP |
| 100 ## - MAIN ENTRY--AUTHOR NAME | |
| Personal name | Sears, Francis Weston . |
| 245 ## - TITLE STATEMENT | |
| Title | Optics / |
| 250 ## - EDITION STATEMENT | |
| Edition statement | 3 / |
| 260 ## - PUBLICATION, DISTRIBUTION, ETC. (IMPRINT) | |
| Place of publication | London : |
| Name of publisher | Addison-Wesley Publishing Company , |
| Year of publication | 1948. |
| 300 ## - PHYSICAL DESCRIPTION | |
| Number of Pages | 390 ; . |
| 942 ## - ADDED ENTRY ELEMENTS (KOHA) | |
| Koha item type | Books |
| Withdrawn status | Lost status | Damaged status | Home library | Current library | Date acquired | Cost, normal purchase price | Full call number | Accession Number | Koha item type |
|---|---|---|---|---|---|---|---|---|---|
| Withdrawn | KAUAET | KAUAET | 07/04/2012 | 10.50 | 535.2 SEA/OP | 7609 | Books | ||
| Withdrawn | KAUAET | KAUAET | 07/04/2012 | 535.2 SEA/OP | 8004 | Books |
